Biblioteca

Introducción al griego bíblico (Registro nro. 64096)

Detalles MARC
000 -LÍDER
Campo fijo de descripción fija 01654nam a22003377i 4500
001 - NÚMERO DE CONTROL
Campo de control 768714001
003 - IDENTIFICADOR DEL NÚMERO DE CONTROL
Campo de control CO-MdFUSB
005 - FECHA Y HORA DE LA ULTIMA TRANSACCIÓN
control field 20220622062541.0
008 - ELEMENTOS DE LONGITUD FIJA -- INFORMACIÓN GENERAL
Campo fijo de descripción fija -- Información general 171020b2015 xxu||||| |||| 00| 0 spa d
020 ## - NÚMERO INTERNACIONAL NORMALIZADO PARA LIBROS
Número Internacional Normalizado del libro 9780829766097
040 ## - FUENTE DE CATALOGACIÓN
Agencia de catalogación original CO-MdFUSB
Idioma de catalogación spa
Agencia que realiza la transcripción CO-MdFUSB
Agencia que realiza la modificación CO-MdFUSBC
Convenciones de la descripción rda
041 ## - CÓDIGO DE IDIOMA
Código de idioma para texto/pista de sonido o título separado spa
041 ## - CÓDIGO DE IDIOMA
Código de idioma para texto/pista de sonido o título separado grc
082 ## - NÚMERO DE CLASIFICACIÓN DECIMAL DEWEY
Número de la edición del Dewey 23
Número de clasificación 487.4
Clave de autor-Numero de item H519
100 ## - ASIENTO PRINCIPAL--NOMBRE PERSONAL
Nombre personal Henriques, Anita
Fechas asociadas con el nombre 1946-
Término relacionador autor
245 ## - TÍTULO
Título del Material Introducción al griego bíblico
Mención de responsabilidad, etc. / Anita Henriques , Nelson Morales y Daniel S. Steffen
264 ## - PRODUCCIÓN, PUBLICACIÓN, DISTRIBUCIÓN, MANUFACTURA, Y COPYRIGHT
Lugar de producción, publicación, distribución, manufactura Miami, Florida :
Nombre del productor, publicador, distribuidor Vida,
Fecha de producción, publicación, distribución, manufactura, o copyright 2015
300 ## - DESCRIPCIÓN FÍSICA
Extensión 319 páginas
Dimensiones ; 23 cm.
Otros detalles físicos :
336 ## - TIPO DE CONTENIDO
Fuente rdacontent
Término de tipo de contenido texto
Código de tipo de contenido txt
337 ## - TIPO DE MEDIO
Fuente rdamedia
Nombre del tipo de medio sin mediación
Código del tipo de medio n
338 ## - TIPO DE SOPORTE
Fuente rdacarrier
Nombre del tipo de soporte volumen
Código Tipo de soporte nc
505 2# - NOTA DE CONTENIDO
Nota de contenido con formato preestablecido Introducción al estudio -- Alfabeto y puntuación -- el verbo griego en presente indicativo activo -- sustantivos y artículos de la segunda declinación masculinos y neutros -- Verbos: presente indicativo, voces media y pasiva y el uso de deponente, el infinitivo -- Preposiciones, verbos compuesto y el imperfecto indicativo -- Sustantivos: primera declinación, femeninos segunda declinación -- Adjetivos y conjunciones -- Demostrativos y adverbios -- verbos contractos Otros pronombres, números y adjetivos; discurso indirecto -- Adjetivos: tercera declinación -- Verbos: perfecto y pluscuamperfecto -- Participios -- Verbos -- Oraciones condicionales...
563 ## - NOTA DE ENCUADERNACIÓN
Nota de encuadernación rústico
653 ## - TÉRMINO DE INDIZACIÓN - NO CONTROLADO
Término no controlado Estudio del lenguaje
653 ## - TÉRMINO DE INDIZACIÓN - NO CONTROLADO
Término no controlado Griego bíblico
653 ## - TÉRMINO DE INDIZACIÓN - NO CONTROLADO
Término no controlado Koine
653 ## - TÉRMINO DE INDIZACIÓN - NO CONTROLADO
Término no controlado Hellenistic Greek
700 ## - ASIENTO SECUNDARIO - NOMBRE PERSONAL
9 (RLIN) 1044
Nombre personal Morales, Nelson
Fechas asociadas con el nombre 1968-
Responsabilidad autor
700 ## - ASIENTO SECUNDARIO - NOMBRE PERSONAL
Nombre personal Steffen, Daniel S.
Responsabilidad autor
9 (RLIN) 5589
942 ## - TIPO DE MATERIAL (KOHA)
Tipo de Item KOHA Libros General
Existencias
Estado de Material Estado de Perdido Forma de Clasificación Estado de Dañado No para Préstamo Colección Biblioteca de Origen Biblioteca Permanente Fecha de Adquisición Total de Préstamos Signatura Topográfica Código de Barras Última vez visto Ejemplar/Existencia Fecha de Remplazo Tipo de Material Forma de Adquisición Última vez Préstado
    Dewey Decimal Classification     Colección General Biblioteca FUSBC Biblioteca FUSBC 20/10/2017   G 487.4 H519i 3651 12/12/2019 Ej. 1 20/10/2017 Libros General    
    Dewey Decimal Classification     Colección General Biblioteca FUSBC Biblioteca FUSBC 21/01/2019 1 G 487.4 H519i 21042 08/03/2024 Ej. 2 20/10/2017 Libros General Compra 16/02/2024

Biblioteca FUSBC | Teléfono: (57+4) 349 88 10 Ext. 141| WhatsApp (+57) 3005338115 
E-mail: biblioteca@unisbc.edu.co | Calle 76 87-14 Robledo Palenque, Medellín, Colombia

Con tecnología Koha